Ciencia de las pesquerías: sus métodos y aplicaciones
Gespeichert in:
| Hauptverfasser: | , |
|---|---|
| Format: | Buch |
| Sprache: | Spanisch |
| Veröffentlicht: |
Barcelona
Salvat Editores S. A
1960
|
| Ausgabe: | 1a. ed |
| Schriftenreihe: | Colección Agrícola Salvat
|
| Schlagworte: | |
| Tags: |
Tag hinzufügen
Keine Tags, Fügen Sie den ersten Tag hinzu!
|
MARC
| LEADER | 00000cam a2200000 a 4500 | ||
|---|---|---|---|
| 001 | UCD5594 | ||
| 003 | CL-VaPUC | ||
| 008 | 160922e19600000sp |||||||||||||||||spa|d | ||
| 082 | 0 | 4 | |a 639.2068 |b ROU |2 21 |
| 100 | 0 | |a Rounsefell, George Armytage |e author |9 589399 | |
| 700 | 0 | |a Everhart, W. Harry |e author |9 589400 | |
| 245 | 1 | 0 | |a Ciencia de las pesquerías: sus métodos y aplicaciones |
| 250 | |a 1a. ed | ||
| 300 | |a 491 p | ||
| 942 | |c BK | ||
| 945 | |d 20160922 22:24:00 |a dcastane | ||
| 260 | |a Barcelona |b Salvat Editores S. A |c 1960 | ||
| 650 | 0 | |a Industria pesquera |9 255432 | |
| 650 | 7 | |a PESQUERIAS |2 CL-VaPUC |9 589401 | |
| 583 | |a last modification |c 20161003 09:54:04 |k Rodrigo Vera | ||
| 490 | 0 | |a Colección Agrícola Salvat | |
| 999 | |c 366247 |d 366245 | ||
| 952 | |0 0 |1 0 |2 ddc |3 erd |4 0 |6 639_206800000000000_ROU_1960 |7 0 |8 A |9 480336 |a BIBCUR |b BIBCUR |i 5342635 |o 639.2068 ROU 1960 |p 5342635 |r 2025-04-22 |w 2019-11-24 |y BK |z Catalogado en:20160922 |k CIM | ||